[Event "37th Olympiad"]
[Site "Turin ITA"]
[Date "2006.05.25"]
[Round "5"]
[White "Zhang Zhong"]
[Black "Sasikiran, Krishnan"]
[Result "1/2-1/2"]
[WhiteElo "2640"]
[BlackElo "2692"]
[Annotator "Martin, A"]
[PlyCount "126"]
[EventDate "2006.05.21"]
[Source "EDAMI"]
[SourceDate "2006.12.20"]

{Esta vez el equipo de la India defraudó a sus seguidores. Quizás no es fácil
explicar las  razones por las que el equipo que todos pensaban iba a luchar
por las medallas, quedó finalmente en un puesto tan bajo, pero todo tiene su
explicación y su lógica. Mirando desde dentro, un equipo con una superestrella
como V.Anand y dos jugadores tan importantes como K.Sasikiran y P.Harikrishna,
realmente tenía opciones de conseguir un buen puesto en la olimpiada de Turin.
Sin embargo, empezando por el cuarto tablero, S.Ganguly, un jugador fuerte y
teóricamente bien preparado y que realmente jugó la primera parte de la
competicion muy bien, prácticamente desapareció en la segunda parte. Eso no
pasó por casualidad; durante nuestra preparacion para la Olimpiada, en Goa
(India) Ganguly estuvo muy enfermo y pasó todo el tiempo en el hospital,
teniéndonos a todos muy preocupados por su salud. Está claro que nuestro
cuarto tablero no tuvo tiempo suficiente para completar una recuperación plena
y falló en la segunda parte de la competición. Lamentablemente para mí,
tampoco habían efectivos adecuados para hacer los cambios necesarios en el
equipo. Nuestro segundo reserva, D.P. Singh, que se clasificó para el equipo
consiguiendo el tercer puesto en el campeonato nacional, no pudo ganar ni
generar ninguna confianza, ni con su juego en la primera ronda, ni con su
dedicación y comportamiento durante la olimpiada, lo que nos obligó a jugar
sólo con 5 jugadores el resto de la competición. Si a eso añadimos el
cansancio de Vishy, después del supertorneo de Sofia y su consiguiente bajo
rendimiento, no será difícil entender el calvario que hemos pasado en
diferentes momentos de la competición. Otro aspecto muy importante fueron las
malas condiciones que tuvo el equipo indio en la Villa Olimpica. Viviamos en
unos apartamentos con sólo dos servicios para cinco personas. Yo me pregunto
?quién aceptó las condiciones para organizar la Olimpiada de Turin? Yo no he
visto ningún funcionario de la FIDE viviendo en la Villa Olimpica, en unas
condiciones tan horribles, alimentándose de una comida que era difícil
aguantar dos dias seguidos. En fin, no fue nuestra olimpiada, pero eso no
significa que el equipo indio merezca menos respeto, o sus jugadores jueguen
peor que antes. Yo diria que son grandes jugadores, capaces de hacer un
magnífico resultado en otras circunstancias. Me gustaría ofrecer a nuestros
lectores una partida de K. Sasikiran que terminó en tablas, pero muestra el
espíritu creativo de nuestro segundo tablero.} 1. e4 c5 2. Nf3 d6 3. d4 cxd4 4.
Nxd4 Nf6 5. Nc3 a6 6. Be3 e6 7. g4 h5 {Como confesó después de la partida Sasi,
es una de las ideas de que tenía preparadas desde hace tiempo y quería
comprobarla en la práctica.} 8. gxh5 Rxh5 9. Bg2 Bd7 10. Qe2 Nc6 11. O-O-O Rc8
{Después de la partida, alguien de nuestro equipo dijo que quizás fuera mejor
trasladar la torre de h5 a c5 para sacrificarla en c3 y utilizar otra torre
para presionar sobre la columna "c". Desafortunadamente, el plan no es viable,
por ejemplo:} (11... Na5 12. h4 Rc5 13. Nxe6 $1 fxe6 14. Bxc5 dxc5 15. e5 {
y las blancas ganan}) 12. Nb3 Na5 13. h4 {diagrama} Rxc3 $5 {Quizás el sacrific
io objetivamente merezca el signo ?! pero invertí los signos por el coraje que
muestra Sasi en esta posicion. Mientras  miraba la partida, este sacrificio me
recordó su ultimo encuentro en Calvia contra Krasenkov, donde el gran maestro
indio sacrificó la dama brillantemente y ganó una partida memorable. (Ver PDR
37 pag 36)} ({No impresiona} 13... Nxb3+ 14. axb3 Qa5 15. Kb1 Bc6 16. Bg5 Rh8
17. Nd5 {ni}) (13... Nc4 14. Bg5 Rh8) 14. bxc3 Bb5 15. Qf3 Bc6 {
Las negras no están dispuestas a retirar su torre y rechazan la continuación} (
15... Nc4 16. Bg5 Rh8) 16. Bg5 {diagrama} Rxg5 $5 {Otro sacrificio de calidad
en menos de tres jugadas, lo que no podemos ver todos los dias. Las negras
consiguen dos peones por las dos calidades sacrificadas, pero a cambio crean
una posición complicada y poco clara, aunque en último término no me parece
que tengan una completa compensación. Sin embargo, en términos précticos, la
decisión que tomó el jugador indio merece respeto.} 17. hxg5 Nxe4 18. Qf4 e5
19. Qh4 (19. Qe3 $4 {es un grave error por} Nc4) 19... Nxc3 20. Bxc6+ Nxc6 21.
Rd3 Ne2+ {
Creo que es una correcta decisión, aunque tampoco pierde directamente la jugada
} (21... Nxa2+ 22. Kb2 Nab4 23. Rd2 a5) 22. Kb1 Nf4 23. Rd2 g6 24. Qh8 d5 $1 {
Sasikiran encuentra las únicas jugadas para no quedar enseguida perdido.} 25.
c4 d4 26. Re1 Qe7 (26... Ne6 27. f4 Nxf4 28. Nxd4 $1) 27. c5 {Frizi evalúa la
posición como de ventaja decisiva para las blancas y ofrece la variante} (27.
Nxd4 Nxd4 28. Rxe5 Nde6 29. c5 Qc7 30. Rd4 {pero después de} Nh5 {
se calma un poquito y reconoce que la "ventaja" desaparece poco a poco} 31. Rd6
Nhg7) 27... d3 28. Qf6 {Las blancas no aguantan más la presión y quieren
realizar su ventaja en un final. Sin embargo me cuesta indicar alguna posición
concreta donde el jugador chino pudiera tener esa ventaja.} Qxf6 29. gxf6 Bh6 (
{Es impeciso} 29... Kd7 {por} 30. Rh1 e4 31. Rh8 Ke8 32. Rd1 {amenazando Re1})
30. Re4 Bg5 31. Rxf4 $6 ({Había que intentar} 31. Rc4 Kd7 32. Nc1 Kc7 ({
parece que no es suficiente} 32... Ke6 33. Nxd3 Nd5 34. Rb2 Na5 35. c6 $1 Nxc6
36. Nc5+ Kf5 37. Nxb7 Nd4 38. Nd8 {
y las blancas deben romper poco a poco las filas defensivas de su rival}) 33.
Nxd3 Nd5 34. Re2 Bxf6 {y la partida no está decidida aún.}) 31... exf4 32. Rxd3
Bxf6 33. Nd2 Bd4 34. Ne4 f5 35. Nd6+ Kd7 {Sasi tenía otra jugada más fuerte} (
35... Ke7 $1 36. Nxb7 Bxf2 37. Rd6 Ne5 38. c6 Bb6 39. Rd5 Kf6 40. Rd6+ Kg5 {
y los peones negros son más peligrosos que el peón pasado "c"}) 36. Nxb7 Kc7
37. Na5 Bxc5 38. Rc3 Kb6 39. Nc4+ Kb5 40. Na3+ Kb6 41. Nc4+ Kb5 42. Na3+ {
En este momento, Sasikiran se dirigió a mí, como capitán del equipo, para
preguntarme  si debía aceptar las tablas o segur luchando. Yo dejé la decisión
a su criterio, aunque deseaba que siguiera la partida, y él  tomó la decisión
correcta.} Bxa3 43. Rxa3 g5 {Los peones negros son bastante peligrosos y por
supuesto hay que intentar avanzarlos, aunque las blancas tienen recursos para
pararlos.} 44. Kc2 g4 45. Rb3+ Kc5 46. Kd2 Ne5 47. Ke2 Nc4 ({
Tampoco es suficiente} 47... Kd4 48. Rb4+ Nc4 49. Rb8 f3+ 50. Kf1 f4 51. Rg8 {
con igualdad}) 48. Rb8 f3+ 49. Kd3 Kd5 50. Rb4 ({La continuación} 50. Rd8+ Nd6
51. Ke3 Ke5 {también permite a las negras avanzar con f4}) 50... Nd6 51. Ke3
Ke5 52. Ra4 f4+ 53. Kd3 (53. Rxf4 $4 Nf5+ {gana}) 53... g3 54. fxg3 fxg3 55.
Ke3 f2 56. Ra5+ Nb5 57. Ke2 Ke4 58. Rxa6 Nc3+ 59. Kf1 Nd5 60. Ke2 $1 {
En los apuros de tiempo, al jugador chino le costó encontrar esta jugada, pero
finalmente la vio y ahora hay que aceptar las tablas.} Nf4+ 61. Kf1 Nd5 62. Ke2
Nf4+ 63. Kf1 Nd5 1/2-1/2

[Event "37th Olympiad"]
[Site "Turin ITA"]
[Date "2006.05.30"]
[Round "9"]
[White "Fressinet, Laurent"]
[Black "Rublevsky, Sergei"]
[Result "1-0"]
[WhiteElo "2633"]
[BlackElo "2687"]
[Annotator "Ubilava, E"]
[PlyCount "71"]
[EventDate "2006.05.21"]
[Source "EDAMI"]
[SourceDate "2006.12.20"]

{El campeón de Rusia S.Rublevsky jugó uno de los peores torneos de su vida
enTurin, perdiendo tres partidas seguidas, mientras que el jugador francés L.
Fressinet estaba en racha e hizo un magnífico resultado en su tablero. La
pregunta del millón es ?Cuál es la diferencia entre buena y mala forma? Quizás
la presente partida nos pueda mostrar parcialmente las razones por las que un
jugador gana y otro pierde. Desde luego, la posición tiene poco que ver con el
resultado de este encuentro, ya que las negras lograron una buena posición
después de la apertura y también en el medio juego, pero el empuje de las
blancas (17.b4!?) (23.Nxe6) además de un buen cálculo en el momento decisivo
(31.Bxg7!) y por supuesto, buena suerte después de la jugada 27.Nd4??
determinaron la victoria de Fressinet. Si quisiera despertar la sonrisa de
nuestros lectores diría que siempre que nuestro rival está en mala forma,
nosotros estamos en una forma magnífica.} 1. e4 c5 2. Nf3 e6 3. Nc3 a6 4. d4
cxd4 5. Nxd4 Nc6 6. Be3 Nf6 7. Bd3 Qc7 8. O-O Ne5 9. h3 Bc5 10. Kh1 d6 11. f4
Ng6 12. Qe1 Bd7 13. f5 Ne5 14. Nce2 Qb6 15. Qg3 O-O 16. Qh4 {El gran maestro
francés, hasta este momento, está repitiendo su partida contra Varga, donde
siguió} (16. Rab1 Nxd3 17. cxd3 e5 18. Bg5 Nh5 19. Qh4 Bxd4 20. Qxh5 {
y en esta posición acordaron tablas. L.Fressinet-M.Varga, Francia 2004}) 16...
Rfe8 {diagrama} 17. b4 $5 {Probablemente era la idea que traía preparada
Fressinet. El sacrificio de calidad} (17. fxe6 fxe6 18. Rxf6 gxf6 19. Qxf6 {
se refuta fácilmente después de} Rf8 20. Qg5+ Kh8) 17... Qxb4 18. Rab1 Qa4 19.
fxe6 fxe6 20. Rxb7 Rab8 21. Rxb8 Rxb8 22. Qg3 Rf8 {
Esto permite a Fressinet corregir su posición con un pequeño golpe.} (22... Kh8
$1 {es la jugada que pone bajo sospecha todo el concepto de juego de las
blancas, por ejemplo:} 23. Nxe6 {no funciona por} Nh5 $1 24. Qf2 (24. Qh4 Bxe3
25. Nf8 Be8 $1 {y las negras deben ganar}) 24... Bxe6 25. Bxc5 dxc5 26. Qxc5
Nxd3 27. cxd3 Nf6 {también con ventaja decisiva para las negras. Si la
posición no se sostiene tácticamente, tampoco la estructura de peones blancos
es superior a la de su contrincante, sino todo lo contrario. Ello nos permite
sacar la conclusión que las negras tenían mejor posición después de 22...Kh8})
23. Nxe6 $1 Bxe6 24. Bxc5 Nxd3 25. Bxd6 Rf7 ({no vale} 25... Qxc2 {por} 26.
Bxf8 Kxf8 27. Nd4) 26. Qxd3 $6 {
Como podremos ver, ambos rivales cometen errores sucesivos, la mejor opción era
} (26. Rb1 $1 Nd7 27. cxd3 Qxa2 28. Re1 {con clara ventaja para las blancas}) (
{Directamente} 26. cxd3 $4 {sería un grave error por} Nxe4 {ganando}) 26...
Nxe4 {diagrama} 27. Nd4 $4 {Este error podía costarle el punto entero a
nuestro protagonista si su rival estuviera un poco más atento. Pero como hemos
dicho, cuando estamos en "buena forma" la suerte nos acompaña. Las blancas
debian seguir} (27. Rxf7 Bxf7 28. Kh2 Bxa2 29. Be5 Bf7 30. Nd4 {
con mejores posibilidades por su dominio en el centro}) 27... Rxf1+ $2 {
El campeón de Rusia no aprovechó su turno para conseguir gran ventaja despuésde
} (27... Ng3+ $1 28. Bxg3 Bc4 29. Qe4 Rxf1+ 30. Kh2 Bxa2) 28. Qxf1 Bf7 29. Be5
{Supongo que después del fallo de Rublevsky, su rival había recuperado el
aliento y ahora miraba con optimismo el futuro.} Bxa2 $2 ({Había que jugar} 
29... Qxa2 30. Qf4 Bg6 31. Nf5 Bxf5 32. Qxf5 Qc4 {con igualdad}) 30. Qf4 $1 Bd5
{En apuros de tiempo las negras no encuentran la única defensa} (30... Nc5 $1
31. Qg5 Qd7 32. Nf5 Ne6 {diagrama}) 31. Bxg7 $1 {
!Ha llegado la hora de demostrar que uno está en buena forma!} Kxg7 32. Qe5+ ({
no es suficiente} 32. Nf5+ {por} Kf8 $1 33. Ne3+ Bf7) 32... Nf6 33. Nf5+ Kf7 $2
{Es el último error. Las negras aún podían resistir después de} (33... Kg6 34.
Ne7+ Kf7 35. Nxd5 Nxd5 36. Qxd5+ Kf6) 34. Nd6+ Kg6 35. Qf5+ Kg7 36. Qg5+ 1-0

[Event "37th Olympiad"]
[Site "Turin ITA"]
[Date "2006.05.25"]
[Round "5"]
[White "Kramnik, Vladimir"]
[Black "Aronian, Levon"]
[Result "1-0"]
[WhiteElo "2729"]
[BlackElo "2756"]
[Annotator "Martin, A"]
[PlyCount "74"]
[EventDate "2006.05.21"]
[Source "EDAMI"]
[SourceDate "2006.12.20"]

1. Nf3 {En la entrevista que ofrecemos en este mismo número, Kramnik, en tono
de humor, explica los motivos de emplear esta primera jugada, que tiempo atrás
había sido su favorita. De cualquier modo, en Turin la utilizó en tres
partidas y ganó las tres.} Nf6 2. c4 b6 3. g3 c5 4. Bg2 Bb7 5. O-O g6 ({
Se ha llegado a una posición muy conocida de la Apertura Inglesa, donde las
negras tienen una importante alternativacon} 5... e6) 6. d4 cxd4 7. Qxd4 ({
La alternativa} 7. Nxd4 Bxg2 8. Kxg2 Qc8 {crea menos problemas a las negras.
La salida de la dama blanca no es en absoluto inconveniente, pues en caso de
ser atacada, puede ir a h4 y ayuda al ataque sobre el enroque negro mediante
Bh6 y Ng5.}) 7... Bg7 8. Nc3 d6 9. Rd1 Nbd7 10. Be3 Rc8 11. Rac1 a6 12. b3 O-O
13. Qh4 Rc7 14. Bh3 {Todo esto es bien conocido. La última jugada es una idea
de Topalov que previene el cambio de alfiles de casillas blancas y dificulta
los planes de las negras. Curiosamente ya se había jugado en una partida
anterior entre Kramnik y Aronian, pero en aquella ocasión se habían
intercambiado los colores.} Qb8 ({
La idea de 14.Bh3 aparece clara si las negras juegan la natural} 14... Qa8 $6 {
a lo que sigue} 15. Bxd7 $1 Rxd7 (15... Nxd7 16. Qxe7 $16) 16. Na4 $1 Bxf3 17.
Nxb6 Qb7 18. exf3 Rc7 19. Nd5 Nxd5 20. Rxd5 $16 {
Anand,V-Gomez Esteban,J. Santurtzi 2003}) 15. Bg5 ({Pero la última jugada de
Kramnik es una novedad, ya que lo habitual era 15.Bh6. Por otra parte, la
mencionada partida entre los mismos jugadores siguió} 15. g4 e6 16. g5 Ne8 17.
Bg2 $146 b5 18. Ne4 {con interesantes complicaciones.  Aronian,L-Kramnik,V.
Cto. de Europa. Saint Vincent 2005}) ({Ahora ya no vale} 15. Bxd7 $6 Rxd7 {y si
} 16. Na4 $6 (16. Bxb6 $2 {pierde por} Bxf3 $19) 16... b5 $1 $15 {
con mejor juego de las negras.}) 15... Bxf3 ({Este cambio es habitual en
posiciones similares, con el alfil blanco en h6, pero tal vez aquí no sea
acertado. Merece considerarse} 15... Re8) 16. exf3 b5 ({
Con el alfil blanco en h6 se ha jugado} 16... Ne5 17. Bg2 b5 {
pero aquí podría contestarse con} 18. Bxf6 Bxf6 19. Qh3 {
y las amenazas blancas de Nd5 o f4 son desagradables.}) 17. Bxd7 Rxd7 18. Nd5
Nxd5 19. cxd5 Rc7 ({
Aronian busca contrajuego sacrificando un peón, aunque tal vez fuera preferible
} 19... Re8 20. Rc6 Qb7 {para seguir con ...e6.}) 20. Rc6 ({Kramnik elige una
forma metódica de hacer valer su ventaja, sin dar a su rival ningún
contrajuego, aunque no está claro que las negras tengan compensación en caso
de} 20. Bxe7 Re8 ({contra} 20... Rfc8 {
las blancas pueden devolver el peón mediante} 21. Rc6 Rxc6 22. dxc6 Rxc6 23.
Qe4 {y quedan mejor.}) 21. Bf6 (21. Bxd6 $2 Rxc1) 21... Rec8 22. Rxc7 Qxc7 23.
Bxg7 Kxg7 24. Qd4+ Kg8 {
pero el peón de más de las blancas no parece de mucho valor.}) 20... Rxc6 ({
Ahora el peón pasado de las blancas se mostrará muy fuerte. Por ello parecía
preferible} 20... Rfc8 {aunque tras} 21. Bxe7 (21. Rdc1 e6) 21... Rxc6 22. dxc6
Rxc6 23. Qe4 {se llega a una posición mencionada en el comentario anterior,
donde las blancas conservan su ventaja.}) 21. dxc6 Rc8 22. Rc1 e6 ({Es inútil} 
22... Qb6 23. Be3) 23. Bd2 {
El alfil se traslada a la casilla "a5" donde apoyará su peón pasado.} Qc7 ({
Evitando tanto Ba5 como Qe7, pero tal vez fuera preferible} 23... d5 {pues} 24.
Qe7 {se podría responder con} Qc7) 24. a4 d5 25. axb5 axb5 26. Qb4 Rb8 27. Qa3
$1 Bd4 28. Qa6 Be5 ({La posición de las negras era ya muy difícil, pero esto
facilita el triunfo de las blancas. Podía aguantarse mejor esperando con} 28...
Kg7 {y si} 29. Ba5 Qc8) 29. f4 Bd6 30. Ba5 Qc8 31. Qa7 Ra8 32. Qb6 Rb8 {
Era mejor no hacer esta jugada, que en realidad ayuda a las blancas. Pero las
alternativas tampoco son nada promisorias.} 33. Qd4 b4 ({Apenas es mejor} 33...
Qf8 34. c7 (34. Bc3 f6) 34... Rc8 35. Qb6 b4 {
y aunque las negras han defendido todo, las blancas juegan a placer.}) 34. c7
Ra8 35. Qb6 Bf8 36. Bxb4 Bxb4 37. Qxb4 Qe8 {Las negras se rindieron. Después
de 38.Qb7 Rc8 39.b4 sólo hay que avanzar el peón "b".} 1-0

[Event "Olimpiada"]
[Site "Turín"]
[Date "2006.06.04"]
[Round "13"]
[White "Illescas Cordoba, Miguel"]
[Black "Hansen, Lars Bo"]
[Result "1-0"]
[WhiteElo "2608"]
[BlackElo "2560"]
[Annotator "Illescas, M"]
[PlyCount "81"]
[EventDate "2006.05.21"]
[EventType "team"]
[EventRounds "13"]
[EventCountry "ITA"]
[Source "EDAMI"]
[SourceDate "2006.12.20"]

1. d4 d5 2. c4 c6 3. Nf3 Nf6 4. Nc3 e6 5. Bg5 Nbd7 6. e3 Qa5 7. cxd5 Nxd5 8.
Qd2 Bb4 9. Rc1 h6 10. Bh4 c5 (10... O-O {Jugó Bruzón frente a Kramnik, en
partida que también publicamos en este ejemplar. Es un intento de resurrección
de la Defensa Cambridge Springs, que las negras no pudieron sacar adelante en
esta Olimpiada.}) 11. a3 Bxc3 12. bxc3 b6 {Una forma más sensata de jugar, en
lugar de ir a capturar el peón en a3, que llevaría a las negras a sufrir
largamente con serias carencias de desarrollo.} 13. Bd3 Ba6 14. c4 $1 {
Con buen criterio, las blancas evitan el cambio, para entrar en un final en el
cual su pareja de alfiles destaque.} Qxd2+ 15. Nxd2 N5f6 $6 ({Más saludable era
} 15... cxd4 16. exd4 Nf4 17. Be4 Rc8 18. Bg3 g5 {que ya había jugado Bruzón
con negras frente a Cheparinov en Mondariz Balneario 2001}) 16. O-O $1 {
Una novedad, de buen aspecto. Se conocía 16.f3 de una partida en que las
blancas las conducía otro noruego, pero las negras pudieron claramente mejorar
su juego.} (16. f3 O-O (16... cxd4 $5 17. exd4 e5 $11) 17. Kf2 Rac8 18. Rhd1
Rfe8 19. Nb3 Bb7 (19... cxd4 $142 20. exd4 e5) 20. a4 $14 {
Nielsen,P-Holst,A/Denmark 2000}) 16... O-O 17. Rfd1 {Las blancas han salido de
la apertura con ventaja. Cierto que es ligera, pero también incómoda de
neutralizar para las negras, que e enfrentan a una poderosa pareja de alfiles,
una masa móvil de peones centrales, sin descartar la posibilidad de las
blancas de jugar también en el flanco dama.  Durante la retransmisión a través
de Internet, me vino a la mente aquella demostración magistral de Illescas
frente a Nakamura (ver PDR 27, pág 19) donde ofreció una lección magistral de
cómo imponer la pareja de alfiles.} Rac8 (17... cxd4 18. exd4 e5 $2 19. Bxf6
gxf6 (19... Nxf6 20. dxe5 Rad8 21. Nf3 $16) 20. Bf5 Rfd8 21. Ne4 $1 Kg7 22. c5
$16) 18. f3 Bb7 19. a4 Nb8 $6 {Un retroceso injustificado que permite a las
blancas aumentar su ventaja. Mejor era esperar con una jugada útil como} (19...
Rfd8 $14) 20. Bf1 Nfd7 {
Las opciones para el otro caballo no eran mejores, por ejemplo:} (20... Na6 21.
a5 $16) (20... Nc6 21. Bxf6 gxf6 22. dxc5 bxc5 23. Ne4 $16) 21. a5 cxd4 22.
exd4 e5 {buscando aire para su caballería, pero las blancas siguen afianzando
su superioridad.} 23. d5 {La ventaja es ahora bien clara. Se amenaza 24.Ne4} f5
24. Ra1 $1 {Una fina jugada posicional, con idea de penetrar en la séptima
línea, causando graves contratiempos a las negras.} Na6 25. Rdb1 g5 26. Bf2 Rf6
27. axb6 axb6 28. Rb2 Rc7 29. Nb1 $1 {Reagrupando convenientemente el caballo,
que ahora se dirige a importantes casillas como a4 ó b5.  De hecho desde a4
crearía una amenaza letal sobre el débil peón de las negras.} Ndc5 30. Nc3 e4
$6 {Bien es conocido que abrir voluntariamente el juego en contra de una
pareja de alfiles no lleva a buen puerto.} 31. Bd4 Rg6 32. fxe4 (32. g4 $5 {
era también una atrayente posibilidad.}) 32... fxe4 33. Rab1 {Llega el momento
de la verdad para las negras, quienes a punto de colapsar sin resistencia,
necesitan ahora embarcarse en alguna acción, sea la que sea.} Nd3 34. Rxb6 Rxb6
35. Bxb6 Rxc4 36. Nxe4 $1 {Calculando exactamente que pese a la simplificación,
el juego táctico decidirá rápidamente la partida.} Rxe4 37. Bxd3 $18 Rb4 {
Un recurso de último minuto, que como cualquier otra cosa, resultainsuficiente.
} 38. Rxb4 Nxb4 39. d6 $1 Bc6 (39... Bc8 40. Bb5) (39... Nc6 40. d7) 40. Bf5
Nd5 41. Be6+ (41. Be6+ Kf8 42. Bxd5 Bxd5 43. d7) 1-0